000 00480nam a2200193Ia 4500
005 20230109104009.0
008 131103s9999 xx 000 0 und d
020 _a571143377
040 _aLoreto College
041 _aEnglish
082 _a821.3
_bDON-CAR
100 _aCarey, John
245 _aJohn Donne life, mind and art
_cJohn Carey
260 _aLondon
_bFaber and Faber
_c1981
300 _a301p.
650 _aEnglish Literature
850 _aLCLIB
942 _cBK
999 _c21284
_d71763